|
|
|
|
| LEADER |
00000nam0a2200000 4500 |
| 001 |
337670 |
| 005 |
20231102004956.0 |
| 035 |
|
|
|a (RuTPU)RU\TPU\book\364158
|
| 090 |
|
|
|a 337670
|
| 100 |
|
|
|a 20171109d1896 m y0rusy50 ca
|
| 101 |
1 |
|
|a rus
|
| 102 |
|
|
|a RU
|
| 105 |
|
|
|a y z 000zy
|
| 200 |
1 |
|
|a Индукционная катушка или спираль Румкорфа и её изготовление
|e практическое руководство к построению индукционной катушки, дающей искру длиной от 2 до 3 дюймов (от 5 до 7,5 см.)
|f пер. и доп. Инженера-технолога Л. А. Боровича
|
| 205 |
|
|
|a пер. с англ.
|
| 210 |
|
|
|a Брянск
|c Типография А. Арцишевского
|d 1896
|
| 215 |
|
|
|a 61 с.
|d 17 см.
|
| 300 |
|
|
|a Табл. отсутствует.
|
| 316 |
|
|
|5 63413507: 13//221
|a На титульном листе владельческий штамп-экслибрис с надписью: "Е. С. Белявский".
|
| 606 |
|
|
|a Электричество
|2 stltpush
|3 (RuTPU)RU\TPU\subj\27825
|9 51518
|
| 610 |
1 |
|
|a индукционная катушка
|
| 610 |
1 |
|
|a спираль Румкорфа
|
| 610 |
1 |
|
|a индукция
|
| 610 |
1 |
|
|a индукционные токи
|
| 610 |
1 |
|
|a индуктивные трансформаторы
|
| 610 |
1 |
|
|a конденсаторы
|
| 610 |
1 |
|
|a коммутаторы
|
| 610 |
1 |
|
|a гальванометры
|
| 675 |
|
|
|a 537.3
|v 4
|
| 702 |
|
1 |
|a Борович
|b Л. А.
|4 730
|
| 801 |
|
1 |
|a RU
|b 63413507
|c 20171109
|
| 801 |
|
2 |
|a RU
|b 63413507
|c 20171109
|g RCR
|
| 942 |
|
|
|c BK
|